| 000 | 00524cam a2200205ua 4500 | ||
|---|---|---|---|
| 020 |
_a81-203-0859-X _c195.00 |
||
| 041 |
_aeng _h |
||
| 082 |
_a005.133 _bRAJ/CO |
||
| 100 | _aRajaraman, V . | ||
| 245 |
_aComputer programming in C / _cV.Rajaraman. _hTextual Documents |
||
| 250 |
_a1 / _b. |
||
| 260 |
_aNew Delhi : _bPrentice Hall of India Pvt Ltd. , _c2006. |
||
| 300 | _a363 ; . | ||
| 365 | _a195.00 | ||
| 504 | _a | ||
| 942 | _cBK | ||
| 999 |
_c12899 _d12899 |
||